000 00575nam a2200145Ia 4500
008 100122s9999 xx 000 0 und d
082 _b9684
_a80
100 _aदेशपांडे कुसुमावती
245 _aसावरकर विविध दर्शन ( क.क्र.26/4 )
260 _bप्रकाशक शोधणे
_c1950
300 _a100
630 _aसावरकर विविध दर्शन ( क.क्र.26/4 )
730 _aसावरकर विविध दर्शन ( क.क्र.26/4 )
942 _cBOOK
999 _c401581
_d401578